[Event "Memorial Pedro Lezcano Montalvo 2015"]
[Site "Gran Canaria ESP"]
[Date "2015.04.02"]
[Round "4.2"]
[White "Ulybin, Mikhail"]
[Black "Roeder, Matthias"]
[Result "1/2-1/2"]
[WhiteElo "2502"]
[BlackElo "2418"]
[PlyCount "39"]
[EventDate "2015.03.30"]
[EventType "swiss"]
[EventRounds "9"]
[EventCountry "ESP"]
[Source "lmi"]
[SourceDate "2015.03.30"]

1. d4 Nf6 2. c4 e6 3. Nc3 Bb4 4. Nf3 d5 5. a3 Bxc3+ 6. bxc3 c5 7. cxd5 Nxd5 8.
dxc5 Qa5 9. e4 Nf6 10. Be3 O-O 11. Qb3 Nfd7 12. Qb4 Qc7 13. Bb5 Nc6 14. Qa4
Nce5 15. Qd4 Nc6 16. Bxc6 Qxc6 17. Rd1 b6 18. Qd6 Qb5 19. cxb6 axb6 20. Qb4
1/2-1/2

[Event "Memorial Pedro Lezcano Montalvo 2015"]
[Site "Gran Canaria ESP"]
[Date "2015.04.02"]
[Round "4.3"]
[White "Alvarado Diaz, Alejandro"]
[Black "Kurajica, Bojan"]
[Result "0-1"]
[WhiteElo "2369"]
[BlackElo "2492"]
[PlyCount "102"]
[EventDate "2015.03.30"]
[EventType "swiss"]
[EventRounds "9"]
[EventCountry "ESP"]
[Source "lmi"]
[SourceDate "2015.03.30"]

1. d4 Nf6 2. c4 e6 3. g3 d5 4. Nf3 Bb4+ 5. Bd2 Bxd2+ 6. Qxd2 dxc4 7. Bg2 c5 8.
dxc5 Qd5 9. Qg5 Qxg5 10. Nxg5 Nbd7 11. O-O Nxc5 12. Rc1 Bd7 13. Rxc4 Rc8 14.
Nd2 b5 15. Rc2 Ke7 16. Rac1 Na4 17. b3 Nb6 18. e4 Rxc2 19. Rxc2 h6 20. Ngf3 Rc8
21. Rxc8 Nxc8 22. Ne5 Nb6 23. a3 a5 24. Bf1 Be8 25. f3 Kd6 26. Nd3 Nfd7 27. Kf2
e5 28. b4 axb4 29. axb4 Na4 30. Ke3 f6 31. Nc1 Nb8 32. f4 g5 33. Nf3 Bd7 34. h3
Nb2 35. fxe5+ fxe5 36. Kd2 Na6 37. Na2 Na4 38. Nc3 Nxb4 39. Nxb5+ Bxb5 40. Bxb5
Nc5 41. h4 g4 42. Nh2 Nxe4+ 43. Ke3 Nf6 44. Nxg4 Nxg4+ 45. Ke4 Ke6 46. Bc4+ Kf6
47. Be2 h5 48. Bb5 Nc2 49. Be8 Ke6 50. Kd3 Nf6 51. Bg6 Nd4 0-1

[Event "Memorial Pedro Lezcano Montalvo 2015"]
[Site "Gran Canaria ESP"]
[Date "2015.04.02"]
[Round "4.4"]
[White "Hansen, Torbjorn Ringdal"]
[Black "Robin, Samy"]
[Result "1/2-1/2"]
[WhiteElo "2487"]
[BlackElo "2293"]
[PlyCount "85"]
[EventDate "2015.03.30"]
[EventType "swiss"]
[EventRounds "9"]
[EventCountry "ESP"]
[Source "lmi"]
[SourceDate "2015.03.30"]

1. e4 Nf6 2. e5 Nd5 3. c4 Nb6 4. d4 d6 5. exd6 cxd6 6. Nc3 g6 7. Be3 Bg7 8. Rc1
O-O 9. b3 e5 10. dxe5 dxe5 11. Qxd8 Rxd8 12. c5 N6d7 13. Bc4 Nc6 14. Ne4 Na5
15. Bg5 Rf8 16. Bd5 h6 17. Bd2 Nc6 18. Ne2 Kh7 19. b4 Nf6 20. Nxf6+ Bxf6 21. b5
Ne7 22. Bb3 Bd7 23. Nc3 Bg7 24. a4 a6 25. Bc4 axb5 26. axb5 f5 27. Nd5 Nxd5 28.
Bxd5 Bxb5 29. Bxb7 Ra2 30. Bd5 Rb2 31. Bc4 Bxc4 32. Rxc4 Rb1+ 33. Bc1 Rc8 34.
O-O Bf8 35. Ba3 Rxf1+ 36. Kxf1 Rc7 37. Ke2 Kg7 38. Kd3 Kf6 39. Rc3 Ke6 40. Kc4
e4 41. Rb3 f4 42. g4 fxg3 43. hxg3 1/2-1/2

[Event "Memorial Pedro Lezcano Montalvo 2015"]
[Site "Gran Canaria ESP"]
[Date "2015.04.02"]
[Round "4.5"]
[White "Angel Acosta, Juan Carlos"]
[Black "Czebe, Attila"]
[Result "0-1"]
[WhiteElo "2170"]
[BlackElo "2442"]
[PlyCount "104"]
[EventDate "2015.03.30"]
[EventType "swiss"]
[EventRounds "9"]
[EventCountry "ESP"]
[Source "lmi"]
[SourceDate "2015.03.30"]

1. d4 d6 2. e4 Nf6 3. f3 e5 4. Ne2 exd4 5. Nxd4 d5 6. e5 Nfd7 7. e6 Nf6 8.
exf7+ Kxf7 9. Be2 c5 10. Nb3 Nc6 11. O-O c4 12. Nd4 Qb6 13. c3 Bc5 14. Kh1 Nxd4
15. cxd4 Bxd4 16. Nc3 Re8 17. Na4 Qc6 18. Qxd4 Qxa4 19. Bd1 Qc6 20. Bd2 Qb6 21.
Qc3 Bf5 22. Ba4 Red8 23. Rfe1 Qa6 24. Qb4 Bd7 25. Bc2 d4 26. Be4 Bc6 27. Bf5
Re8 28. Qd6 Bd7 29. Qf4 Bxf5 30. Qxf5 Qc6 31. Ba5 Rxe1+ 32. Rxe1 Re8 33. Rxe8
Qxe8 34. h4 Qe6 35. Qc5 d3 36. Bd2 b6 37. Qc7+ Kg6 38. Qg3+ Kf7 39. Qc7+ Kg8
40. Qxa7 h6 41. Bc3 Qd7 42. Qb8+ Kh7 43. Qf4 Qd5 44. g4 Qe6 45. Bd2 h5 46. g5
Nd5 47. Qxc4 Qh3+ 48. Kg1 Qg3+ 49. Kh1 Qxf3+ 50. Kh2 Ne7 51. Qf4 Qe2+ 52. Kg1
Ng6 0-1

[Event "Memorial Pedro Lezcano Montalvo 2015"]
[Site "Gran Canaria ESP"]
[Date "2015.04.02"]
[Round "4.7"]
[White "Kohlweyer, Bernd"]
[Black "Pogorelov, Ruslan"]
[Result "1/2-1/2"]
[WhiteElo "2402"]
[BlackElo "2303"]
[PlyCount "73"]
[EventDate "2015.03.30"]
[EventType "swiss"]
[EventRounds "9"]
[EventCountry "ESP"]
[Source "lmi"]
[SourceDate "2015.03.30"]

1. c4 c5 2. Nf3 g6 3. d4 cxd4 4. Nxd4 Nc6 5. e4 Nf6 6. Nc3 d6 7. Be2 Nxd4 8.
Qxd4 Bg7 9. Bg5 O-O 10. Qd2 Be6 11. Rc1 a6 12. f3 Qa5 13. b3 Rfc8 14. Na4 Qxd2+
15. Kxd2 Nd7 16. g4 f6 17. Be3 f5 18. gxf5 gxf5 19. h3 Rf8 20. f4 Nf6 21. Rhg1
Nxe4+ 22. Kc2 Rac8 23. Nb6 Rc7 24. Bd3 Kh8 25. Bxe4 fxe4 26. Rcd1 Bg8 27. f5
Rc6 28. Rgf1 h6 29. a4 e6 30. fxe6 Rxf1 31. Rxf1 Bxe6 32. Kd2 Be5 33. a5 Kg7
34. Bf4 Bd4 35. Be3 Be5 36. Bf4 Bd4 37. Be3 1/2-1/2

[Event "Memorial Pedro Lezcano Montalvo 2015"]
[Site "Gran Canaria ESP"]
[Date "2015.04.02"]
[Round "4.8"]
[White "Cruz Ramirez, Nauzet"]
[Black "Del Rey, Diego"]
[Result "0-1"]
[WhiteElo "1783"]
[BlackElo "2375"]
[PlyCount "60"]
[EventDate "2015.03.30"]
[EventType "swiss"]
[EventRounds "9"]
[EventCountry "ESP"]
[Source "lmi"]
[SourceDate "2015.03.30"]

1. d4 d5 2. c4 Bf5 3. Nc3 e6 4. Nf3 c6 5. g3 Nd7 6. Bg2 h6 7. O-O Ngf6 8. Re1
Be7 9. b3 O-O 10. Bb2 Rb8 11. a3 b5 12. c5 Ne4 13. b4 Qc7 14. Nxe4 Bxe4 15. Nd2
Bxg2 16. Kxg2 f5 17. Nf3 Bf6 18. Bc1 g5 19. Qd3 Bg7 20. h4 g4 21. Nh2 e5 22.
Rb1 Rbe8 23. dxe5 Nxe5 24. Qb3 Ng6 25. h5 Ne5 26. e4 fxe4 27. Rxe4 Qf7 28. Rf4
Qxh5 29. Qd1 Qh3+ 30. Kg1 Nf3+ 0-1

[Event "Memorial Pedro Lezcano Montalvo 2015"]
[Site "Gran Canaria ESP"]
[Date "2015.04.02"]
[Round "4.9"]
[White "Alvarado Ascanio, Francisco"]
[Black "Gutierrez Olivares, Daniel"]
[Result "1-0"]
[WhiteElo "2189"]
[BlackElo "2309"]
[PlyCount "75"]
[EventDate "2015.03.30"]
[EventType "swiss"]
[EventRounds "9"]
[EventCountry "ESP"]
[Source "lmi"]
[SourceDate "2015.03.30"]

1. d4 f5 2. Nc3 Nf6 3. Bg5 d5 4. Bxf6 exf6 5. e3 c6 6. Bd3 Bd6 7. Qf3 g6 8. h3
Na6 9. a3 h5 10. g4 fxg4 11. hxg4 Bxg4 12. Bxg6+ Ke7 13. Qg2 Qg8 14. Bd3 Qe6
15. Kd2 Rag8 16. f4 h4 17. Qf2 h3 18. Nge2 f5 19. Rh2 Kd8 20. Ng1 c5 21. Nf3
cxd4 22. Nxd4 Qf7 23. Ncb5 Be7 24. Nf3 Nc5 25. Rah1 Ne4+ 26. Bxe4 dxe4 27. Ne5
Qd5+ 28. Nd4 Bh4 29. Qf1 Bg3 30. c4 Qa5+ 31. Kc1 Kc8 32. Rd2 Rh6 33. c5 Qa6 34.
Nb5 Re6 35. Qc4 Rge8 36. Rd6 Rxd6 37. Nxd6+ Kb8 38. Nd7+ 1-0

[Event "Memorial Pedro Lezcano Montalvo 2015"]
[Site "Gran Canaria ESP"]
[Date "2015.04.02"]
[Round "4.10"]
[White "Perez Rosales, Pedro"]
[Black "Bressac, Stephane"]
[Result "0-1"]
[WhiteElo "2106"]
[BlackElo "2277"]
[PlyCount "144"]
[EventDate "2015.03.30"]
[EventType "swiss"]
[EventRounds "9"]
[EventCountry "ESP"]
[Source "lmi"]
[SourceDate "2015.03.30"]

1. d4 Nf6 2. c4 c5 3. d5 b5 4. cxb5 a6 5. bxa6 g6 6. Nc3 Bxa6 7. e4 Bxf1 8.
Kxf1 d6 9. Nge2 Bg7 10. h3 Nbd7 11. Kg1 O-O 12. Qc2 Qa5 13. Kh2 Nb6 14. Rb1 Nc4
15. a4 Rfb8 16. b3 Ne5 17. f4 Ned7 18. Nb5 c4 19. bxc4 Qxa4 20. Qxa4 Rxa4 21.
Ned4 Nc5 22. Nc6 Rb7 23. e5 dxe5 24. fxe5 Nfd7 25. Nxe7+ Kf8 26. Nc6 Nxe5 27.
Ba3 Ned3 28. Nd6 Rxb1 29. Rxb1 Bc3 30. Nb5 Rxc4 31. Nxc3 Rxc3 32. Rb8+ Kg7 33.
Bxc5 Nxc5 34. d6 Rd3 35. Ne5 Rxd6 36. Rc8 Ne4 37. Rc7 Rf6 38. Ng4 Rf1 39. Ne5
h5 40. h4 Rf5 41. Nf3 Nf6 42. Kg3 Ra5 43. Ng5 Ra3+ 44. Kf2 Ng4+ 45. Kf1 Ra1+
46. Ke2 Ra2+ 47. Kf3 Rf2+ 48. Kg3 Rf1 49. Nf3 Nh6 50. Ra7 Nf5+ 51. Kh2 Ne3 52.
Re7 Ng4+ 53. Kg3 Nh6 54. Ra7 Nf5+ 55. Kh2 Rf2 56. Kg1 Rb2 57. Ra3 Rb4 58. Kh2
Nxh4 59. Nxh4 Rxh4+ 60. Kg3 Rg4+ 61. Kf3 Rb4 62. Ra6 g5 63. Ra5 Kg6 64. Ra6+ f6
65. Ra8 h4 66. Rg8+ Kf5 67. Rh8 Rb3+ 68. Kf2 Kg4 69. Ra8 Rb2+ 70. Kg1 f5 71.
Kh2 h3 72. Kh1 hxg2+ 0-1

[Event "Memorial Pedro Lezcano Montalvo 2015"]
[Site "Gran Canaria ESP"]
[Date "2015.04.02"]
[Round "4.11"]
[White "Kvisvik, Brede"]
[Black "Ramirez Medina, Victor"]
[Result "1-0"]
[WhiteElo "2273"]
[BlackElo "2104"]
[PlyCount "73"]
[EventDate "2015.03.30"]
[EventType "swiss"]
[EventRounds "9"]
[EventCountry "ESP"]
[Source "lmi"]
[SourceDate "2015.03.30"]

1. e4 c5 2. Nf3 d6 3. d4 cxd4 4. Qxd4 a6 5. h3 Nc6 6. Qe3 Nf6 7. c4 g6 8. Nc3
Bg7 9. Be2 O-O 10. O-O Be6 11. Rb1 Rc8 12. b3 Nd7 13. Bb2 Qa5 14. Rfd1 Rfe8 15.
Bf1 Nde5 16. Ne1 f5 17. exf5 Bxf5 18. Rbc1 Rf8 19. Na4 Rcd8 20. Bc3 Qc7 21. Nb6
h6 22. Nd5 Qd7 23. c5 g5 24. Nd3 Qe6 25. Nxe5 Nxe5 26. cxd6 exd6 27. f4 gxf4
28. Nxf4 Qe8 29. Qg3 Kh8 30. Bc4 Rd7 31. Bd5 Kh7 32. Rf1 Bf6 33. Rce1 Rg7 34.
Qe3 Re7 35. Be4 Bg6 36. Nxg6 Nxg6 37. Rxf6 1-0

[Event "Memorial Pedro Lezcano Montalvo 2015"]
[Site "Gran Canaria ESP"]
[Date "2015.04.02"]
[Round "4.12"]
[White "Rodriguez Melian, Jose Luis"]
[Black "Garcia Blanco, Omar"]
[Result "1/2-1/2"]
[WhiteElo "2102"]
[BlackElo "2270"]
[PlyCount "122"]
[EventDate "2015.03.30"]
[EventType "swiss"]
[EventRounds "9"]
[EventCountry "ESP"]
[Source "lmi"]
[SourceDate "2015.03.30"]

1. d4 Nf6 2. c4 c5 3. d5 b5 4. cxb5 a6 5. bxa6 g6 6. Nc3 Bg7 7. e4 O-O 8. Nf3
Qa5 9. e5 Ne4 10. Bd2 Nxd2 11. Qxd2 d6 12. exd6 exd6 13. Be2 Bxa6 14. O-O Bxe2
15. Qxe2 Na6 16. Nd2 Nb4 17. Nde4 Qa6 18. Qf3 Nc2 19. Rad1 Nd4 20. Nf6+ Kh8 21.
Qf4 Ne2+ 22. Nxe2 Qxe2 23. Rfe1 Qxb2 24. Nd7 Rg8 25. Qxf7 c4 26. h4 c3 27. h5
gxh5 28. Qf5 c2 29. Rc1 Rxa2 30. g3 h4 31. Kg2 Qd4 32. Re4 Qd2 33. Rxh4 h6 34.
Nf6 Bxf6 35. Qxf6+ Kh7 36. Qf5+ Kh8 37. Qe6 Kh7 38. Qe7+ Kh8 39. Qxd6 Kh7 40.
Qe7+ Kh8 41. Qf6+ Kh7 42. Qf5+ Kh8 43. Qe5+ Kh7 44. Qe4+ Kh8 45. Qd4+ Qxd4 46.
Rxd4 Kg7 47. Rg4+ Kf7 48. Rxg8 Kxg8 49. Kf3 Kf7 50. Ke4 Kf6 51. Kd4 Ra4+ 52.
Kc3 Ra5 53. Kd4 Ra4+ 54. Kc5 Ra5+ 55. Kc6 Ra6+ 56. Kb5 Ra2 57. f4 Kf5 58. Kc4
Ra4+ 59. Kd3 Ra5 60. Kd4 Ra4+ 61. Ke3 Ra3+ 1/2-1/2

[Event "Memorial Pedro Lezcano Montalvo 2015"]
[Site "Gran Canaria ESP"]
[Date "2015.04.02"]
[Round "4.13"]
[White "De La Cruz Sanchez, Carlos G"]
[Black "Camino Carrio, Nicanor"]
[Result "1-0"]
[WhiteElo "2266"]
[BlackElo "2060"]
[PlyCount "67"]
[EventDate "2015.03.30"]
[EventType "swiss"]
[EventRounds "9"]
[EventCountry "ESP"]
[Source "lmi"]
[SourceDate "2015.03.30"]

1. d4 Nf6 2. c4 g6 3. Nf3 Bg7 4. g3 O-O 5. Bg2 d6 6. O-O Nc6 7. Nc3 a6 8. b3 e5
9. d5 Ne7 10. e4 Rb8 11. b4 c6 12. a4 cxd5 13. cxd5 Bg4 14. Qd3 Qd7 15. Be3 Bh3
16. Nd2 Nh5 17. Nc4 Bxg2 18. Kxg2 Nf4+ 19. Bxf4 exf4 20. Rac1 Qg4 21. Qe2 f3+
22. Qxf3 Qg5 23. Qd3 f5 24. f4 Qh5 25. e5 dxe5 26. Nxe5 Bxe5 27. fxe5 f4 28.
gxf4 Nf5 29. d6 g5 30. Kh1 g4 31. Ne4 Kh8 32. e6 g3 33. Qc3+ Kg8 34. Nxg3 1-0

[Event "Memorial Pedro Lezcano Montalvo 2015"]
[Site "Gran Canaria ESP"]
[Date "2015.04.02"]
[Round "4.14"]
[White "Marrero Cardenes, Agustin"]
[Black "Krulich, Roman"]
[Result "0-1"]
[WhiteElo "2005"]
[BlackElo "2229"]
[PlyCount "128"]
[EventDate "2015.03.30"]
[EventType "swiss"]
[EventRounds "9"]
[EventCountry "ESP"]
[Source "lmi"]
[SourceDate "2015.03.30"]

1. d4 d5 2. Nf3 Nf6 3. c4 c6 4. Nc3 g6 5. e3 Bg7 6. Ne5 O-O 7. Be2 Be6 8. O-O
Nbd7 9. f4 dxc4 10. Nxc4 Nb6 11. b3 c5 12. Ne5 cxd4 13. exd4 Rc8 14. Bb2 Nbd5
15. Nxd5 Nxd5 16. Qd2 Nxf4 17. Qxf4 Rc2 18. Bf3 Rxb2 19. Bxb7 Bd5 20. Bxd5 Qxd5
21. Nf3 Rc8 22. Rac1 Rcc2 23. Rxc2 Rxc2 24. Qb8+ Bf8 25. Qxa7 e5 26. Rf2 Rc1+
27. Rf1 Rc2 28. Rf2 Rxf2 29. Kxf2 exd4 30. Qb8 Qc5 31. Qf4 d3+ 32. Qe3 Qc2+ 33.
Kg3 Bd6+ 34. Kh3 Qc8+ 35. Kh4 Qd8+ 36. Kh3 Qd7+ 37. Kh4 h5 38. Qe4 Qd8+ 39. Kh3
Qd7+ 40. Kh4 Be7+ 41. Kg3 h4+ 42. Kf4 d2 43. Nxd2 Qxd2+ 44. Kf3 Qd1+ 45. Qe2
Qd6 46. a4 Qf6+ 47. Ke3 Bc5+ 48. Kd2 Qd4+ 49. Kc2 Bb4 50. Qc4 Qf2+ 51. Kd3 Qf5+
52. Kd4 Bd6 53. b4 Bxh2 54. a5 Qf2+ 55. Kc3 Qxg2 56. a6 Qf3+ 57. Kc2 Qf2+ 58.
Kb3 Qe3+ 59. Ka4 h3 60. Qc8+ Kg7 61. Qd7 Bg1 62. b5 h2 63. Qc6 Qd4+ 64. Ka5 Qc5
0-1

[Event "Memorial Pedro Lezcano Montalvo 2015"]
[Site "Gran Canaria ESP"]
[Date "2015.04.02"]
[Round "4.15"]
[White "Hagesather, Ellen"]
[Black "Cruz Pino, Adrian"]
[Result "1/2-1/2"]
[WhiteElo "2227"]
[BlackElo "1989"]
[PlyCount "135"]
[EventDate "2015.03.30"]
[EventType "swiss"]
[EventRounds "9"]
[EventCountry "ESP"]
[Source "lmi"]
[SourceDate "2015.03.30"]

1. e4 c5 2. Nf3 d6 3. Bb5+ Nd7 4. O-O a6 5. Bd3 g6 6. c3 Bg7 7. Bc2 Qc7 8. a4
b6 9. d4 Bb7 10. Be3 Rc8 11. Na3 Ngf6 12. Nd2 O-O 13. f4 e5 14. fxe5 dxe5 15.
d5 Rb8 16. Bg5 h6 17. Bh4 g5 18. Bg3 Bc8 19. Qe2 Ne8 20. Bd3 Qb7 21. Ndc4 b5
22. axb5 axb5 23. Ne3 c4 24. Bc2 Nd6 25. Nf5 Nxf5 26. Rxf5 f6 27. Raf1 Nc5 28.
R5f2 Bd7 29. h3 Qc8 30. Nb1 Ra8 31. Nd2 Ra2 32. Rb1 Qc7 33. Nf1 Nb7 34. Ne3 Nd6
35. Kh2 Be8 36. h4 Bg6 37. Qf3 h5 38. hxg5 fxg5 39. Qe2 Rxf2 40. Bxf2 Qf7 41.
Qf3 g4 42. Qxf7+ Kxf7 43. Nf5 Bxf5 44. exf5 Bf6 45. Bc5 Be7 46. f6 Kxf6 47.
Rf1+ Kg7 48. Ba3 Nc8 49. Bxe7 Nxe7 50. d6 Nc6 51. Be4 Nd8 52. Rf5 Rxb2 53. Rxh5
Rd2 54. Rxe5 Rxd6 55. Rxb5 Re6 56. Bd5 Re3 57. Rb8 Ne6 58. Bxe6 Rxe6 59. Rc8
Re4 60. Rc6 Kf7 61. Kg3 Re3+ 62. Kxg4 Rxc3 63. g3 Rc1 64. Kg5 c3 65. g4 c2 66.
Rc7+ Ke6 67. Kg6 Rg1 68. Rxc2 1/2-1/2

[Event "Memorial Pedro Lezcano Montalvo 2015"]
[Site "Gran Canaria ESP"]
[Date "2015.04.02"]
[Round "5.1"]
[White "Kurajica, Bojan"]
[Black "Czebe, Attila"]
[Result "1-0"]
[WhiteElo "2492"]
[BlackElo "2442"]
[PlyCount "32"]
[EventDate "2015.03.30"]
[EventType "swiss"]
[EventRounds "9"]
[EventCountry "ESP"]
[Source "lmi"]
[SourceDate "2015.03.30"]

1. Nf3 g6 2. d4 Bg7 3. g3 d6 4. Bg2 Nd7 5. O-O e5 6. dxe5 dxe5 7. Nc3 Ngf6 8.
b3 O-O 9. Nd2 Re8 10. Ba3 Bf8 11. Bb2 c6 12. a4 Qc7 13. a5 Rb8 14. e3 Bb4 15.
Na4 b5 16. axb6 axb6 1-0

[Event "Memorial Pedro Lezcano Montalvo 2015"]
[Site "Gran Canaria ESP"]
[Date "2015.04.02"]
[Round "5.2"]
[White "Roeder, Matthias"]
[Black "Horvath, Adam"]
[Result "0-1"]
[WhiteElo "2418"]
[BlackElo "2532"]
[PlyCount "48"]
[EventDate "2015.03.30"]
[EventType "swiss"]
[EventRounds "9"]
[EventCountry "ESP"]
[Source "lmi"]
[SourceDate "2015.03.30"]

1. Nf3 c5 2. c4 Nc6 3. d4 cxd4 4. Nxd4 Nf6 5. Nc3 e6 6. a3 Nxd4 7. Qxd4 b6 8.
Qf4 Bb7 9. e4 d6 10. Be2 Be7 11. O-O O-O 12. Rd1 Qb8 13. b4 a6 14. Bb2 Qc7 15.
Rac1 Rac8 16. Qg3 Rfd8 17. Kh1 Qb8 18. f3 Ba8 19. Rf1 Re8 20. Na4 b5 21. e5 Nh5
22. Qg4 bxa4 23. exd6 Bxd6 24. Qxh5 Bf4 0-1

[Event "Memorial Pedro Lezcano Montalvo 2015"]
[Site "Gran Canaria ESP"]
[Date "2015.04.02"]
[Round "5.3"]
[White "Del Rey, Diego"]
[Black "Gleizerov, Evgeny"]
[Result "1/2-1/2"]
[WhiteElo "2375"]
[BlackElo "2531"]
[PlyCount "28"]
[EventDate "2015.03.30"]
[EventType "swiss"]
[EventRounds "9"]
[EventCountry "ESP"]
[Source "lmi"]
[SourceDate "2015.03.30"]

1. e4 e6 2. d4 d5 3. Nc3 Nf6 4. exd5 exd5 5. Bg5 Be7 6. Bd3 Nc6 7. Nge2 Nb4 8.
O-O O-O 9. Ng3 h6 10. Bf4 Bd6 11. Bxd6 Qxd6 12. h3 Re8 13. a3 Nxd3 14. Qxd3 Bd7
1/2-1/2

[Event "Memorial Pedro Lezcano Montalvo 2015"]
[Site "Gran Canaria ESP"]
[Date "2015.04.02"]
[Round "5.4"]
[White "Robin, Samy"]
[Black "Ulybin, Mikhail"]
[Result "1/2-1/2"]
[WhiteElo "2293"]
[BlackElo "2502"]
[PlyCount "57"]
[EventDate "2015.03.30"]
[EventType "swiss"]
[EventRounds "9"]
[EventCountry "ESP"]
[Source "lmi"]
[SourceDate "2015.03.30"]

1. d4 e6 2. e4 d5 3. Nd2 Nf6 4. e5 Nfd7 5. Bd3 c5 6. c3 Nc6 7. Ne2 cxd4 8. cxd4
f6 9. exf6 Nxf6 10. O-O Bd6 11. Nf3 O-O 12. Bf4 Bxf4 13. Nxf4 Ng4 14. Ne2 Qd6
15. Ng3 e5 16. dxe5 Ngxe5 17. Nxe5 Nxe5 18. Be4 Be6 19. Qd4 Nc4 20. Rad1 dxe4
21. Qxd6 Nxd6 22. Rxd6 Bxa2 23. Nxe4 Bc4 24. Rfd1 Rae8 25. f3 Bb5 26. Nc3 Bc6
27. Kf2 Rf5 28. h4 a5 29. Ne2 1/2-1/2

[Event "Memorial Pedro Lezcano Montalvo 2015"]
[Site "Gran Canaria ESP"]
[Date "2015.04.02"]
[Round "5.5"]
[White "Larino Nieto, David"]
[Black "Alvarado Ascanio, Francisco"]
[Result "1-0"]
[WhiteElo "2438"]
[BlackElo "2189"]
[PlyCount "93"]
[EventDate "2015.03.30"]
[EventType "swiss"]
[EventRounds "9"]
[EventCountry "ESP"]
[Source "lmi"]
[SourceDate "2015.03.30"]

1. e4 e6 2. d3 d5 3. Nd2 c5 4. Ngf3 Nc6 5. g3 Bd6 6. Bg2 Nge7 7. O-O O-O 8. Re1
Bc7 9. c3 b6 10. exd5 Nxd5 11. Ne4 Rb8 12. d4 cxd4 13. Nxd4 Nxd4 14. Qxd4 Bb7
15. Bg5 f6 16. Bd2 Ne7 17. Qb4 a5 18. Qa3 Nf5 19. Rad1 Qe7 20. Qb3 Kh8 21. Be3
Nxe3 22. Rxe3 e5 23. c4 f5 24. Nc3 Bxg2 25. Kxg2 Bd6 26. Nd5 Qf7 27. a4 f4 28.
gxf4 exf4 29. Rh3 Qg6+ 30. Kh1 f3 31. Rg1 Qe4 32. Qe3 Qxe3 33. fxe3 g5 34. Rf1
g4 35. Rh4 Rf7 36. Rxg4 Rbf8 37. Kg1 Bc5 38. Kf2 Rf5 39. Rh4 Rg8 40. Rg1 Rxg1
41. Kxg1 f2+ 42. Kf1 Rf3 43. Re4 Kg7 44. Rg4+ Kh6 45. Rg3 Rf5 46. Rg2 Re5 47.
Kxf2 1-0

[Event "Memorial Pedro Lezcano Montalvo 2015"]
[Site "Gran Canaria ESP"]
[Date "2015.04.02"]
[Round "5.6"]
[White "Pogorelov, Ruslan"]
[Black "Hansen, Torbjorn Ringdal"]
[Result "0-1"]
[WhiteElo "2303"]
[BlackElo "2487"]
[PlyCount "49"]
[EventDate "2015.03.30"]
[EventType "swiss"]
[EventRounds "9"]
[EventCountry "ESP"]
[Source "lmi"]
[SourceDate "2015.03.30"]

1. Nf3 f5 2. d4 Nf6 3. g3 g6 4. c4 Bg7 5. b4 O-O 6. Bg2 Nc6 7. b5 Na5 8. Nbd2
c5 9. bxc6 bxc6 10. Bb2 Rb8 11. Rb1 Ne4 12. Qc2 d5 13. cxd5 cxd5 14. O-O Ba6
15. Nb3 Nxb3 16. axb3 Qb6 17. Ba3 Rfc8 18. Qa2 Rc7 19. Rbc1 Rbc8 20. Rxc7 Rxc7
21. Rd1 e6 22. Bf1 g5 23. e3 Bxf1 24. Rxf1 g4 25. Ne1 0-1

[Event "Memorial Pedro Lezcano Montalvo 2015"]
[Site "Gran Canaria ESP"]
[Date "2015.04.02"]
[Round "5.7"]
[White "Vega Gutierrez, Belinda"]
[Black "Kohlweyer, Bernd"]
[Result "1/2-1/2"]
[WhiteElo "2165"]
[BlackElo "2402"]
[PlyCount "93"]
[EventDate "2015.03.30"]
[EventType "swiss"]
[EventRounds "9"]
[EventCountry "ESP"]
[Source "lmi"]
[SourceDate "2015.03.30"]

1. e4 c5 2. Nf3 d6 3. d4 cxd4 4. Nxd4 Nf6 5. Nc3 a6 6. h3 Nc6 7. g4 Qb6 8. Nb3
e6 9. Bg2 Qc7 10. a4 b6 11. O-O h6 12. Be3 Rb8 13. Qe2 Na5 14. Nd2 Be7 15. f4
Nd7 16. Qf2 Nc6 17. Nf3 O-O 18. Kh1 b5 19. axb5 axb5 20. g5 hxg5 21. Nxg5 Bxg5
22. fxg5 b4 23. Ne2 Nde5 24. Nf4 Bd7 25. b3 Ra8 26. Nh5 Rxa1 27. Rxa1 Rb8 28.
h4 Ng4 29. Qd2 Nxe3 30. Qxe3 Ne5 31. Qf2 Qc5 32. Qxc5 dxc5 33. Ra5 Bb5 34. Nf4
Nc6 35. Ra2 Rd8 36. g6 fxg6 37. Nxe6 Rd1+ 38. Kh2 Rd2 39. Kg3 Nd4 40. Nxc5 Kh7
41. Bf3 Bc6 42. Nd3 Rxc2 43. Rxc2 Nxc2 44. Bd1 Ne3 45. Bf3 Nc2 46. Bd1 Ne3 47.
Bf3 1/2-1/2

[Event "Memorial Pedro Lezcano Montalvo 2015"]
[Site "Gran Canaria ESP"]
[Date "2015.04.02"]
[Round "5.8"]
[White "Korneev Leskova, Svyatoslav"]
[Black "Alvarado Diaz, Alejandro"]
[Result "0-1"]
[WhiteElo "2148"]
[BlackElo "2369"]
[PlyCount "80"]
[EventDate "2015.03.30"]
[EventType "swiss"]
[EventRounds "9"]
[EventCountry "ESP"]
[Source "lmi"]
[SourceDate "2015.03.30"]

1. c4 e5 2. g3 Nc6 3. Bg2 Bc5 4. Nc3 d6 5. e3 a6 6. Nge2 Ba7 7. O-O h5 8. h3 h4
9. g4 f5 10. f3 Be6 11. Nd5 Nce7 12. Nxe7 Qxe7 13. Qa4+ c6 14. Kh2 Nf6 15. Qc2
fxg4 16. fxg4 d5 17. cxd5 cxd5 18. Qg6+ Kd7 19. Nc3 e4 20. Kh1 Raf8 21. d3 Nxg4
22. Nxd5 Rxf1+ 23. Bxf1 Nf2+ 24. Kg1 Bxd5 25. Kxf2 Rf8+ 26. Ke1 Bb8 27. Be2
Bg3+ 28. Kd1 Rf6 29. Qg4+ Kd8 30. d4 Be6 31. Qh5 Bxh3 32. Bd2 Qf7 33. Qg5 Kc7
34. Rc1+ Kb8 35. Be1 Rf1 36. Bxf1 Qxf1 37. Rc3 Bxe1 38. Qe5+ Ka8 39. Qe8+ Ka7
40. Rc1 Ba5+ 0-1

[Event "Memorial Pedro Lezcano Montalvo 2015"]
[Site "Gran Canaria ESP"]
[Date "2015.04.02"]
[Round "5.9"]
[White "Bressac, Stephane"]
[Black "Mateos Rozas, Miguel Angel"]
[Result "1/2-1/2"]
[WhiteElo "2277"]
[BlackElo "2133"]
[PlyCount "194"]
[EventDate "2015.03.30"]
[EventType "swiss"]
[EventRounds "9"]
[EventCountry "ESP"]
[Source "lmi"]
[SourceDate "2015.03.30"]

1. c4 e5 2. g3 Nc6 3. Bg2 Nf6 4. Nc3 Bc5 5. e3 O-O 6. Nge2 d5 7. cxd5 Nb4 8. d3
Nbxd5 9. Nxd5 Nxd5 10. O-O Nb4 11. d4 exd4 12. exd4 Bb6 13. a3 Nd5 14. Nc3 c6
15. Re1 Be6 16. Ne4 Qd7 17. Nc5 Bxc5 18. dxc5 a5 19. b3 Nf6 20. Qc2 Rfd8 21.
Bg5 Qd3 22. Qc1 Qf5 23. h4 Bxb3 24. Qb2 a4 25. Re5 Qg6 26. Rae1 h6 27. Be4 Nxe4
28. Bxd8 Rxd8 29. R5xe4 Rd5 30. Re5 Rd3 31. Qe2 Bd5 32. Re8+ Kh7 33. Re3 Rxe3
34. Qxe3 Qf5 35. Kh2 g6 36. f3 h5 37. Rg1 Be6 38. g4 hxg4 39. fxg4 Qc2+ 40. Rg2
Qd1 41. h5 Bxg4 42. hxg6+ Kxg6 43. Qf4 f5 44. Rd2 Qa1 45. Rd6+ Kf7 46. Qc4+ Kg7
47. Rd7+ Kf6 48. Qf7+ Kg5 49. Qg7+ Qxg7 50. Rxg7+ Kf6 51. Rxb7 Ke6 52. Rb4 Kd5
53. Rxa4 Kxc5 54. Rb4 Kd5 55. Kg3 c5 56. Rb8 Be2 57. a4 Kc6 58. Kf2 Kc7 59. Rb2
Bd3 60. Ke3 Be4 61. a5 Bb7 62. Rb6 Bc8 63. Rf6 Kb7 64. Kd3 Ka7 65. Kc4 Ba6+ 66.
Kxc5 Bd3 67. Rd6 Be2 68. Rd2 Bf1 69. Rd5 Be2 70. Rxf5 Ka6 71. Kb4 Bd3 72. Rf6+
Ka7 73. Rd6 Be2 74. Kc5 Bf1 75. Rf6 Be2 76. a6 Bd3 77. Rf3 Be2 78. Re3 Bf1 79.
Re1 Bd3 80. Rd1 Be2 81. Ra1 Bd3 82. Rd1 Be2 83. Rd6 Bf1 84. Kb4 Bxa6 85. Kc5
Be2 86. Kc6 Ka6 87. Re6 Bf3+ 88. Kc5+ Kb7 89. Rb6+ Ka7 90. Rb3 Be4 91. Kd6 Ka6
92. Kc5 Ka7 93. Re3 Bg2 94. Kb5 Bf1+ 95. Kc6 Bg2+ 96. Kc7 Ka6 97. Rb3 Be4
1/2-1/2